| 000 | 01143nam a2200277 i 4500 | ||
|---|---|---|---|
| 001 | 128961 | ||
| 003 | ES-MaACL | ||
| 005 | 20250824075107.0 | ||
| 007 | t| | ||
| 008 | 070531s1964 sp ||||1| spa d | ||
| 080 | _a86.0(728.1)-2"19"(082) | ||
| 245 | 0 | 0 |
_aTeatro guatemalteco contemporáneo / _cselección y prólogo Carlos Solórzano. |
| 260 |
_a[Madrid] : _bAguilar, _c1964. |
||
| 300 |
_a327 p. ; _c20 cm. |
||
| 490 | 1 | _aTeatro contemporáneo | |
| 505 | 8 | _aContiene: Los duques de Endor / Rafael Arévalo Martínez.-- Soluna / Miguel Angel Asturias.-- El espectro acróbata / Miguel Marsicovétere y Durán.-- Entre cuatro paredes / Manuel Galich.-- Doña Beatriz, (La sin ventura) / Carlos Solórzano | |
| 650 | 1 | 7 |
_aTeatro guatemalteco _2 _917369 |
| 700 | 1 |
_aArévalo Martínez, Rafael. _922664 |
|
| 700 | 1 |
_aAsturias, Miguel Ángel, _d1899-1974 _923701 |
|
| 700 | 1 |
_aMarsicovétere y Durán, Miguel. _977140 |
|
| 700 | 1 |
_aGalich, Manuel. _953407 |
|
| 700 | 1 |
_aSolórzano, Carlos. _9107241 |
|
| 830 | 0 | 0 |
_aTeatro contemporáneo (Aguilar) _9186750 |
| 852 |
_aES-MaACL _jC-25802 _bR.54584 |
||
| 999 |
_c128961 _d128961 |
||